UM Logo
Normal view MARC view
  • Salvador-Garcia, Celina

Entry Personal Name

Number of records used in: 2

001 - CONTROL NUMBER

  • control field: 69726

003 - CONTROL NUMBER IDENTIFIER

  • control field: OSt

005 - DATE AND TIME OF LATEST TRANSACTION

  • control field: 20260213142136.0

008 - FIXED-LENGTH DATA ELEMENTS

  • fixed length control field: 260213|| aca||aabn | a|a d

040 ## - CATALOGING SOURCE

  • Original cataloging agency: OSt

100 ## - HEADING--PERSONAL NAME

  • Personal name: Salvador-Garcia, Celina
  • Relator term: author.